Loading...
Science - Chemistry | 3 | 5 | 2 | 1 | 85 | 35 | 80.50 | 5 | 7 |
Science - Biology | 4 | 3 | 2 | 0 | 80 | 35 | 71.86 | 4 | 7 |
Science - Physics | 2 | 4 | 1 | 0 | 65 | 16 | 71.17 | 4 | 6 |
History - American History | 3 | 1 | 0 | 0 | 55 | 47 | 68.50 | 0 | 2 |
Other - Pop Culture | 1 | 3 | 0 | 0 | 45 | 54 | 93.50 | 1 | 3 |
Science - Other Science | 1 | 3 | 2 | 0 | 35 | 56 | 98.75 | 2 | 4 |
Beliefs - Mythology | 1 | 2 | 1 | 0 | 30 | 57 | 79.00 | 2 | 3 |
Beliefs - Religion | 2 | 0 | 0 | 0 | 30 | 68 | 70.50 | 1 | 2 |
Other - Other Academic | 1 | 1 | 0 | 0 | 25 | 69 | 77.50 | 0 | 2 |
Thought - Social Science | 0 | 1 | 0 | 0 | 10 | 114 | 114.00 | 0 | 1 |
Literature - American Lit | 0 | 1 | 0 | 0 | 10 | 111 | 111.00 | 1 | 1 |
Literature - World Lit | 0 | 1 | 1 | 0 | 5 | 91 | 91.00 | 0 | 0 |
History - Other History | 0 | 1 | 1 | 0 | 5 | 119 | 119.00 | 0 | 1 |
Thought - Philosophy | 0 | 1 | 1 | 1 | 5 | 135 | 135.00 | 0 | 0 |
History - World History | 0 | 0 | 1 | 0 | -5 | 0.00 | 0 | 0 | |
Arts - Music | 0 | 0 | 1 | 0 | -5 | 0.00 | 0 | 0 |